Normal view MARC view

Entry Topical Term

Number of records used in: 1

001 - CONTROL NUMBER

  • control field: 26748

003 - CONTROL NUMBER IDENTIFIER

  • control field: OSt

005 - DATE AND TIME OF LATEST TRANSACTION

  • control field: 20210811105943.0

008 - FIXED-LENGTH DATA ELEMENTS

  • fixed length control field: 210811|| aca||aabn | a|a d

040 ## - CATALOGING SOURCE

  • Original cataloging agency: OSt
  • Transcribing agency: OSt

150 ## - HEADING--TOPICAL TERM

  • Topical term or geographic name entry element: Income, Wealth inequality, Wealth inequality - America, Distributional macroeconomic accounts

670 ## - SOURCE DATA FOUND

  • Source citation: Work cat.: (OSt)517523: Saez, Emmanuel and Zucman, Gabriel 26747, How much income and wealth inequality: The rise of income and wealth inequality in america: Evidence from distributional macroeconomic accounts

Powered by Koha